| 000 | 01537nam a2200373 a 4500 | ||
|---|---|---|---|
| 001 | ebr10642751 | ||
| 003 | CaPaEBR | ||
| 006 | m u | ||
| 007 | cr cn||||||||| | ||
| 008 | 120123s2012 pau sb 001 0 eng d | ||
| 010 | _z 2012002921 | ||
| 020 | _z9780812244274 (hardcover : alk. paper) | ||
| 020 | _z9780812206470 (e-book) | ||
| 040 |
_aCaPaEBR _cCaPaEBR |
||
| 035 | _a(OCoLC)822017902 | ||
| 043 | _an-usn-- | ||
| 050 | 1 | 4 |
_aF7 _b.G65 2012eb |
| 082 | 0 | 4 |
_a974/.02 _223 |
| 100 | 1 |
_aGoodman, Nan, _d1957- |
|
| 245 | 1 | 0 |
_aBanished _h[electronic resource] : _bcommon law and the rhetoric of social exclusion in early New England / _cNan Goodman. |
| 250 | _a1st ed. | ||
| 260 |
_aPhiladelphia : _bUniversity of Pennsylvania Press, _cc2012. |
||
| 300 | _a206 p. | ||
| 504 | _aIncludes bibliographical references and index. | ||
| 533 |
_aElectronic reproduction. _bPalo Alto, Calif. : _cebrary, _d2013. _nAvailable via World Wide Web. _nAccess may be limited to ebrary affiliated libraries. |
||
| 650 | 0 |
_aExile (Punishment) _zNew England _xHistory _y17th century. |
|
| 650 | 0 |
_aCommon law _zNew England _xHistory _y17th century. |
|
| 650 | 0 |
_aPuritans _zNew England _xHistory _y17th century. |
|
| 651 | 0 |
_aNew England _xHistory _yColonial period, ca. 1600-1775. |
|
| 651 | 0 |
_aNew England _xCivilization _y17th century. |
|
| 655 | 7 |
_aElectronic books. _2local |
|
| 710 | 2 | _aebrary, Inc. | |
| 856 | 4 | 0 |
_uhttp://site.ebrary.com/lib/rucke/Doc?id=10642751 _zAn electronic book accessible through the World Wide Web; click to view |
| 999 |
_c43963 _d43963 |
||